The monastic origins of the Nag Hammadi Codices /

محفوظ في:

المؤلف الرئيسي: Lundhaug, Hugo (مؤلف)

مؤلفون آخرون: Jenott, Lance, 1980-

التنسيق: كتاب

اللغة: English

منشور في: Tubingen : Mohr Siebeck, 2015.

سلاسل: Studien und Texte zu Antike und Christentum ; 97.

الموضوعات:

الوسوم: إضافة وسم

لا توجد وسوم, كن أول من يضع وسما على هذه التسجيلة!

رقم الطلب: BT1391 .L863 2015

LEADER 01000namaa2200277 4500
003 OSt
005 20251021102846.0
008 130303t20152015gw a e b 001 0 eng d
020 |a 9783161541728 
040 |c ARCE Library 
043 |a f-ua--- 
050 4 |a BT1391 .L863 2015 
100 1 |a Lundhaug, Hugo,  |e author  |9 34985 
245 1 4 |a The monastic origins of the Nag Hammadi Codices /  |c Hugo Lundhaug and Lance Jenott. 
264 1 |a Tubingen :   |b Mohr Siebeck,   |c 2015. 
264 4 |c ©2015. 
300 |a xvi, 332 pages :  |b illustrations ;   |c 24 cm. 
490 0 |a Studien und Texte zu Antike und Christentum ;  |v 97. 
504 |a Includes bibliographical references (pages 269-300) and indexes. 
630 0 0 |a Nag Hammadi Codices. 
650 0 |a Monasticism and religious orders  |x History  |y Early church, ca30-600. 
650 0 |a Monasticism and religious orders  |z Egypt  |x History  |y Early church, ca30-600. 
700 1 |a Jenott, Lance,  |d 1980-  |9 33252 
901 |a reviewed 
942 |c BK  |2 lcc 
999 |c 8874  |d 8874